| 000 | 00572nam a22002057a 4500 | ||
|---|---|---|---|
| 003 | OSt | ||
| 005 | 20140310182441.0 | ||
| 008 | 130803t xxu||||| |||| 00| 0 eng d | ||
| 020 | _a9710870920 | ||
| 050 |
_aRA 410 _b.G331 2010 |
||
| 100 |
_a Geniblazo, Arturo D. _97315 |
||
| 245 |
_aIntroduction to Health Economics / _cArturo D. Geniblazo. |
||
| 260 |
_aMandaluyong, Philippines : _bNational Book Store, _cc2010. |
||
| 300 |
_a180 p. : _bill. ; _c23 cm. |
||
| 942 |
_2lcc _cSSLC |
||
| 999 |
_c13528 _d13528 |
||